Formule 2 - Circuits 2025 (Mort Subite) - Statistiques

Statistiques générales
  • Ce quiz a été pris 64 fois
  • Le résultat moyen est 6 sur 14
Answers on the Grid
Answers color-coded by a green-red scale on the quiz's grid according to % correct below.
Australie
Chine
Japon
Bahrein
Arabie Saoudite
Miami (USA)
Emilie Romagne (Italie)
Monaco
Espagne
Canada
Autriche
Royaume-Uni
Belgique
Hongrie
Pays-Bas
Monza (Italie)
Azerbaidjan
Singapour
Austin (USA)
Mexique
Brésil
Las Vegas (USA)
Qatar
Emirats Arabes Unis
 
Statistiques - réponses
Réponse % Correct
Australie
95%
Bahrein
50%
Espagne
45%
Monaco
45%
Monza (Italie)
45%
Belgique
40%
Emilie Romagne (Italie)
40%
Emirats Arabes Unis
40%
Royaume-Uni
40%
Autriche
35%
Azerbaidjan
35%
Arabie Saoudite
30%
Hongrie
25%
Qatar
25%
Aucun quiz correspondant
Distribution des résultats
% des personnes avec chaque résultat
Percentile par nombre de réponses
Votre historique - résultats
Vous n’avez pas pris ce quiz